| 000 | 00614nam a22001817a 4500 | ||
|---|---|---|---|
| 999 |
_c60625 _d60625 |
||
| 005 | 20230925104158.0 | ||
| 008 | 230925s1944 enk||||| |||| 00| 0 eng d | ||
| 041 | _aeng | ||
| 080 | _a94 H-24 | ||
| 100 |
_aHarrison, Richard Edes _919900 |
||
| 245 |
_aLook at the World, The Fortune Atlas for World Strategy / _cRichard Edes Harrison. Editor Fortune Magazine. |
||
| 264 |
_aNew York, _c1944. |
||
| 300 |
_a68 p. : _bill.; _c35 cm. |
||
| 653 | _aმსოფლიო ატლასი | ||
| 653 | _aისტორია | ||
| 700 |
_a Magazine, Fortune _eრედაქტორი _919901 |
||
| 942 |
_2udc _cBK |
||